UTANMAZ ADAM (Record no. 1211648)

MARC details
000 -LEADER
sabit uzunluktaki kontrol alanı 00252nam a2200097Ia 4500
001 - KONTROL NUMARASI
kontrol alanı 1211648
005 - EN SON İŞLEMİN TARİH VE ZAMANI
kontrol alanı 20250827024440.0
008 - SABİT-UZUNLUKTA VERİ ÖĞELERİ--GENEL BİLGİ
sabit uzunluktaki kontrol alanı 250824s9999 xx 000 0 und d
245 #0 - ESER / YAZAR
ESER ADI UTANMAZ ADAM
Yazar Adı HÜSEYİN RAHMİ GÜRPINAR
260 ## - YAYIN, DAĞITIM, VB.
YAYIN EVİ ÖZGÜR YAYINLARI
Holdings
Düşüm durumu Kayıp durumu Hasar Durumu Ödünç verilmez Ana kütüphane Geçerli Kütüphane Edinilen tarih Toplam ödünç verme sayısı Barkod Son görüntüleme tarihi Son ödünç verme tarihi Fiyatın geçerli olmaya başladığı tarih Koha materyal türü
        TOPLUM RUH SAĞLIĞI MERKEZİ KÜTÜPHANESİ TOPLUM RUH SAĞLIĞI MERKEZİ KÜTÜPHANESİ 24.08.2025 1 11031655 19.02.2026 30.01.2026 27.08.2025 Books